Countries A-Z with the Most Tourists - Statistics

General Stats
  • This quiz has been taken 56 times
  • The average score is 21 of 24
Answer Stats
Letter Tourists (in millions) Country % Correct
J 36.9 Japan
100%
O 2.8 (2023) Oman
100%
Q 5.1 Qatar
98%
U 72.4 United States
98%
Y 0.4 (2015) Yemen
98%
F 102.0 France
96%
G 37.5 Germany
96%
M 45.0 Mexico
96%
R 6.4 (2020) Russia
96%
H 13.2 Hungary
94%
I 57.8 Italy
94%
Z 1.6 (2023) Zimbabwe
94%
D 14.2 (2022) Denmark
92%
V 17.5 Vietnam
92%
C 19.9 Canada
90%
N 21.3 Netherlands
88%
S 93.8 Spain
88%
T 60.6 Turkiye
86%
P 29.0 Portugal
84%
A 31.9 Austria
80%
L 3.9 Laos
72%
E 13.0 (2019) Egypt
68%
B 8.6 Bulgaria
48%
K 8.6 (2023) Kyrgyzstan
46%
No matching quizzes found
Score Distribution
Percent of People with Each Score
Percentile by Number Answered
Your Score History
You have not taken this quiz